Countries Bordering Mali With Map - Statistics

General Stats
  • This quiz has been taken 189 times
  • The average score is 7 of 7
Answers on the Map
Answers color-coded by a green-red scale on the quiz's map according to % correct below.
 
Answer Stats
Countries % Correct
Niger
97%
Algeria
96%
Mauritania
96%
Senegal
94%
Burkina Faso
93%
Guinea
91%
Ivory Coast
91%
No matching quizzes found
Score Distribution
Percent of People with Each Score
Percentile by Number Answered
Your Score History
You have not taken this quiz